Normal view
MARC view
- De Poel, Ibo Van.
Entry Personal Name
001 - CONTROL NUMBER
- control field: 62772
003 - CONTROL NUMBER IDENTIFIER
- control field: OSt
005 - DATE AND TIME OF LATEST TRANSACTION
- control field: 20241011091023.0
008 - FIXED-LENGTH DATA ELEMENTS
- fixed length control field: 241011|| aca||aabn | a|a d
040 ## - CATALOGING SOURCE
- Original cataloging agency: OSt
100 ## - HEADING--PERSONAL NAME
- Personal name: De Poel, Ibo Van.
